000 01011nam0a22002891 4500
001 RU\NLR\A1SV\88733
005 20251203171251.9
035 _a(NLR Aleph) 009770106
090 _a10052388
_c10052388
100 _a20080630d1923 u y0rusy50 ca
101 0 _arus
102 _aRU
200 1 _aПамятка по авиации
_eДля красноармейца всех родов оружия
_fС.Меженинов
210 _aСмоленск
_d1923
215 _a25 с.
_cчерт.
_d15 см
327 0 _aКраткий календарь воздушного флота / Красвоенлет Пятосин
620 _dСмоленск
700 1 _aМеженинов
_bС. А.
_c1890-1937
_fвоен. деятель
_gСергей Александрович
_9199662
_3RU\NLR\AUTH\770199713
702 1 _aПятосин
801 0 _aRU
_bNLR
_c20080630
852 _aNLR
_j40.24.7.158
899 _aРГБ
899 _aРКП
942 _cBOOK
980 _aNB
980 _aA1SV